000 00280nam a22001217a 4500
020 _a0465014763
082 _a330 CRI
245 _aThe crisis in economic theory
260 _aNew york
_bBasic books
_c1981
300 _axiii,226p.
_b18cm
500 _aIncluding Index
942 _cBK
999 _c15915
_d15915